000 01187nam a22003377a 4500
003 CHAP
005 20220329135728.0
008 971013s1979 r 10010 d
010 _a41182
011 _a42154
035 _a46281
040 _cCHAP
082 _a301.06
_bE5
111 0 0 _aEncuentro Nacional de Escuelas y Facultades de Sociología (
_n1
_d: 1979
_c: Guadalajara, Jal.)
_936814
245 _aMemoria
260 _aChapingo, Méx. :
_bUACH. Departamento de Sociología Rural,
_c(1979)
300 _aPág. varía
590 _aBATCH-UPD
_b10
_c20130110
_lUCH01
_h0157
590 _aBATCH-UPD
_b10
_c20130110
_lUCH01
_h1252
590 _aBATCH-UPD
_b10
_c20130409
_lUCH01
_h2202
590 _aBATCH-UPD
_b10
_c20130410
_lUCH01
_h0814
590 _aBATCH-UPD
_b10
_c20130914
_lUCH01
_h2013
590 _aCONVERSION
_b10
_c20130109
_lUCH01
_h1323
650 1 4 _aSociología rural.
_9108215
650 1 4 _aSociología
_xCongresos.
_9108198
650 1 4 _aSociología
_xEstudio y enseñanza.
_9108202
901 _aBK
942 _cLIBRO
949 _a301.06 E5
_bBC
_cLIBRO
_d-105572
_eLIBRO
_h49584
_i46281
_mD
_si
949 _a301.06 E5
_bBC
_cLIBRO
_d33724000287645
_eLIBRO
_fc.2
_h49585
_i46281
_si
999 _c41182
_d41182